| 000 | 01248nam a22003497a 4500 | ||
|---|---|---|---|
| 003 | CHAP | ||
| 005 | 20220817041349.0 | ||
| 008 | 971013c19761966mx r 00010 spa d | ||
| 010 | _a12261 | ||
| 011 | _a13233 | ||
| 035 | _a17304 | ||
| 040 | _cCHAP | ||
| 082 | 0 | 4 |
_a309.2 _bB3 |
| 245 | 0 | _aBases para la planeación económica y social de México ; seminario celebrado por la Escuela Nacional de Economía | |
| 260 |
_aMéxico, D. F. : _bSiglo XXI, _c1976 (c.1966) |
||
| 300 | _a267 p. | ||
| 490 | _aEl mundo y el hombre | ||
| 590 |
_aBATCH-UPD _b10 _c20130110 _lUCH01 _h1234 |
||
| 590 |
_aBATCH-UPD _b10 _c20130410 _lUCH01 _h0803 |
||
| 590 |
_aBATCH-UPD _b10 _c20130914 _lUCH01 _h1556 |
||
| 590 |
_aCONVERSION _b10 _c20130109 _lUCH01 _h1308 |
||
| 650 | 1 | 4 |
_aMéxico _xCondiciones económicas. |
| 650 | 1 | 4 |
_aPlaneación social. _988730 |
| 650 | 1 | 4 |
_aPolítica agrícola _zMéxico. |
| 650 | 1 | 4 |
_aPolítica económica _zMéxico. _990535 |
| 830 | 0 |
_aEl mundo y el hombre _936148 |
|
| 901 | _aBK | ||
| 942 | _cLIBRO | ||
| 949 |
_a309.2 B3 _bBC _cLIBRO _d33724000297198 _eLIBRO _fc.2 _h44103 _i17304 _si |
||
| 949 |
_a309.2 B3 _bBC _cLIBRO _d33724000297263 _eLIBRO _h44102 _i17304 _si |
||
| 949 |
_a309.2 B3 _bBC _cLIBRO _d33724000297271 _eLIBRO _fc.3 _h45415 _i17304 _si |
||
| 999 |
_c12261 _d12261 |
||